Ética organizacional (Record no. 59279)

MARC details
000 -LEADER
campo de control de longitud fija 02044nac a2200325 a 4500
003 - IDENTIFICADOR DE NÚMERO DE CONTROL
campo de control CoPeBPM
005 - FECHA Y HORA DE LA ÚLTIMA TRANSACCIÓN
campo de control 20240624015934.0
008 - DATOS DE LONGITUD FIJA--INFORMACIÓN GENERAL
campo de control de longitud fija 240624b |||ad||| |||| 00| 0 spa d
020 ## - NÚMERO INTERNACIONAL ESTÁNDAR DEL LIBRO
Número Internacional Estándar del Libro 9789587620030
040 ## - FUENTE DE CATALOGACIÓN
Centro catalogador/agencia de origen CoPeBPM
Lengua de catalogación spa
Centro/agencia transcriptor CoPeBPM
Normas de descripción rda
082 04 - NÚMERO DE LA CLASIFICACIÓN DECIMAL DEWEY
Número de clasificación 174.4 R741e
100 1# - ENTRADA PRINCIPAL--NOMBRE DE PERSONA
Nombre de persona Rojas López, Miguel David
245 10 - MENCIÓN DEL TÍTULO
Título Ética organizacional
Resto del título : estrategia para el éxito
Mención de responsabilidad, etc. / Miguel David Rojas López ; coordinación editorial Adriana Gutiérrez M.
250 ## - MENCION DE EDICION
Mención de edición Primera edición
260 1# - PUBLICACIÓN, DISTRIBUCIÓN, ETC.
Lugar de publicación, distribución, etc. Bogotá :
Nombre del editor, distribuidor, etc. Ediciones de la U;
Fecha de publicación, distribución, etc. 2012.
300 ## - DESCRIPCIÓN FÍSICA
Extensión 130 páginas :
Otras características físicas ilustraciones y diagramas en blanco y negro ;
Dimensiones 21 cm
490 1# - MENCIÓN DE SERIE
Mención de serie Administración
500 ## - NOTA GENERAL
Nota general Incluye datos biográficos del autor
520 3# - RESUMEN, ETC.
Sumario, etc. "Esta obra desarrolla las definiciones básicas de la ética en diferentes contextos, el individual, el organizacional y el de la administración pública; además de identificar algunos problemas y dilemas éticos que se pueden encontrar en este camino. Con el propósito de identificar los criterios del comportamiento a partir de valores morales y desarrollos éticos que generan valor agregado dentro de las organizaciones, se desarrolla una herramienta guía del perfil profesional de cada individuo, con base en modelos y avances construidos desde la ética para actuar adecuadamente y en función a la creación de valor, que es el fin último de toda organización. Lo anterior, se logra mediante la investigación de diferentes autores y la recopilación de información relevante de artículos académicos; todos enfocados al propósito de entregar herramientas organizacionales que contribuyan a la ética profesional"
650 14 - PUNTO DE ACCESO ADICIONAL DE MATERIA--TÉRMINO DE MATERIA
Fuente del encabezamiento o término LEMB
Término de materia o nombre geográfico como elemento de entrada Ética de los negocios
650 14 - PUNTO DE ACCESO ADICIONAL DE MATERIA--TÉRMINO DE MATERIA
Fuente del encabezamiento o término LEMB
Término de materia o nombre geográfico como elemento de entrada Empresas
650 14 - PUNTO DE ACCESO ADICIONAL DE MATERIA--TÉRMINO DE MATERIA
Fuente del encabezamiento o término LEMB
Término de materia o nombre geográfico como elemento de entrada Organización
650 14 - PUNTO DE ACCESO ADICIONAL DE MATERIA--TÉRMINO DE MATERIA
Fuente del encabezamiento o término LEMB
Término de materia o nombre geográfico como elemento de entrada Ética profesional
650 14 - PUNTO DE ACCESO ADICIONAL DE MATERIA--TÉRMINO DE MATERIA
Fuente del encabezamiento o término LEMB
Término de materia o nombre geográfico como elemento de entrada Recursos humanos
650 14 - PUNTO DE ACCESO ADICIONAL DE MATERIA--TÉRMINO DE MATERIA
Fuente del encabezamiento o término LEMB
Término de materia o nombre geográfico como elemento de entrada Comportamiento organizacional
650 14 - PUNTO DE ACCESO ADICIONAL DE MATERIA--TÉRMINO DE MATERIA
Fuente del encabezamiento o término LEMB
Término de materia o nombre geográfico como elemento de entrada Éxito en los negocios
700 1# - ENTRADA AGREGADA--NOMBRE PERSONAL
Nombre de persona Gutiérrez M., Adriana;
Término indicativo de función/relación editora
765 ## - ENLACE A LA LENGUA/LENGUAJE ORIGINAL
Encabezamiento principal spa
942 ## - ELEMENTOS DE ENTRADA SECUNDARIOS (KOHA)
Fuente del sistema de clasificación o colocación Clasificación Decimal Dewey
Tipo de ítem Koha Libros
Suprimir en OPAC No
Holdings
Estatus retirado Estado de pérdida Fuente del sistema de clasificación o colocación Estado de daño No para préstamo Biblioteca de origen Biblioteca actual Fecha de adquisición Total de préstamos Signatura topográfica completa Código de barras Visto por última vez Copia número Precio de reemplazo Tipo de ítem Koha
    Clasificación Decimal Dewey     BIBLIOTECA SAN JOAQUIN BIBLIOTECA SAN JOAQUIN 24/06/2024   174.4 R741e 60031 24/06/2024 Ej.1 24/06/2024 Libros

Powered by Koha